| 000 | 00455nam a2200181Ia 4500 | ||
|---|---|---|---|
| 001 | 23102 | ||
| 005 | 20260414150915.0 | ||
| 008 | 260414t2017||||xx |||||||||||||| ||spa|| | ||
| 041 | _aESP | ||
| 082 |
_a624.1834 _bO675 T. 1 |
||
| 100 |
_aOrler, Rodolfo _eAUT |
||
| 245 | 0 |
_aIntroducción al cálculo de hormigón estructural _b |
|
| 260 | _c2017 | ||
| 300 |
_axv, 538 páginas : _c29 cm. |
||
| 650 | _a0 | ||
| 654 | _aCIC | ||
| 942 |
_cLIB _dJUS _fJUS _2ddc _n |
||
| 999 |
_c23102 _d23102 |
||